000 00926nam a2200241 a 4500
001 000018567
005 20200929165826.0
008 100511s1986 sp a 000 d spa d
020 _a8420726613
040 _aDO-SdBNP
_bspa
_cBNPHU
082 _annnn
_bR618d
100 1 _aRivas, Ángel de Saavedra,
_cDuque de,
_d1791-1865
_98738
245 1 0 _aDon Álvaro o La fuerza del sino /
_cÁngel de Saavedra, Duque de Rivas ; edición, introducción, notas, comentarios y apéndice de Ana Navarro y Josefina Ribalta.
260 _aMadrid :
_bAnaya,
_c1986.
300 _a215, [1] p. :
_bil. ;
_c19 cm.
490 1 _aBiblioteca didáctica Anaya
_v13
504 _aIncluye referencias bibliográficas y notas al pie de las páginas.
700 1 _aNavarro, Ana,
_eed.
_940154
700 1 _aRibalta, Josefina,
_eed.
_940155
830 0 _aBiblioteca didáctica Anaya ;
_v13
_98965
910 _aCatalalogación original
049 _aBNGR
999 _c18087
_d18087